[Event "78th LOTTO POL-ch 2021"]
[Site "Bydgoszcz"]
[Date "2021.04.30"]
[Round "1.2"]
[White "Teclaf, Pawel"]
[Black "Bartel, Mateusz"]
[Result "1-0"]
[WhiteElo "2502"]
[BlackElo "2635"]
[Annotator "TA"]
[PlyCount "87"]
[EventDate "2021.04.29"]
[EventType "k.o."]
[EventCountry "POL"]
[SourceTitle "playchess.com"]
[Source "ChessBase"]
[SourceQuality "1"]

{[%evp 11,87,6,16,16,17,20,11,16,16,-3,24,17,31,15,40,38,37,43,51,42,65,42,52,23,34,14,3,0,0,-12,0,0,0,-16,0,-3,0,0,8,5,39,31,50,33,33,16,28,20,49,47,56,49,54,56,54,63,64,60,63,52,108,100,98,94,167,167,169,164,304,308,326,305,368,360,579,540,578,473]} 1. c4 e5 2. Nc3 Nf6 3. Nf3 Nc6 4. e3 Bb4 5. Qc2 O-O 6. Nd5 Be7 7. a3 {A28: English Opening: Four Knights Variation.} d6 8. Bd3 h6 9. b4 {The position is equal.} Be6 10. Nxe7+ Nxe7 11. Bb2 {[#]} Qd7 $146 ({Predecessor:} 11... a5 12. O-O Qd7 13. Ne1 axb4 14. axb4 Rxa1 15. Bxa1 Bf5 16. f4 Bxd3 17. Nxd3 e4 {0-1 (45) Josse,M (2235)-Doluhanova,E (2229) chess.com INT 2020}) 12. Be2 Bf5 13. d3 b6 14. O-O c5 15. Nd2 Bh7 16. Bc3 Qe6 17. Rae1 d5 18. bxc5 dxc4 19. cxb6 cxd3 20. Bxd3 Bxd3 21. Qxd3 axb6 22. Qb5 Ned5 23. Bb2 Ra5 24. Qb3 Rc5 25. Nf3 e4 26. Nd4 $36 {[%mdl 2048] White fights for an advantage.} Qe5 27. Ne2 Qe6 28. Bd4 Rc6 29. Qb2 Rfc8 30. Rc1 Ne8 31. Rxc6 Rxc6 32. h3 f6 33. Rc1 Kf7 34. Rxc6 Qxc6 35. Qb3 Ke7 ({Better is} 35... Kf8 $14) 36. Nc3 $16 Nxc3 37. Bxc3 ({Much worse is} 37. Qxc3 $6 Qxc3 38. Bxc3 Nc7 $11) 37... Qe6 {[#]} (37... Kd7 $16) 38. Qb4+ $1 $18 Kd7 39. Bd4 Kc7 {[#]} (39... Qd6 {might work better.}) 40. Bxb6+ $1 {[%mdl 512]} Kd7 (40... Kb7 41. Bc5+) 41. a4 {[%cal Ba3a4,Ba4a5][%mdl 32]} Nd6 42. Bc5 Nc4 $2 (42... Ne8 {was called for.} 43. Bf8 Kc8) 43. Qb7+ Ke8 44. a5 {Weighted Error Value: White=0.04/Black=0.23} 1-0

[Event "78th LOTTO POL-ch 2021"]
[Site "Bydgoszcz"]
[Date "2021.04.30"]
[Round "1.3"]
[White "Socko, Bartosz"]
[Black "Sadzikowski, Daniel"]
[Result "1/2-1/2"]
[WhiteElo "2618"]
[BlackElo "2527"]
[Annotator "TA"]
[PlyCount "71"]
[EventDate "2021.04.29"]
[EventType "k.o."]
[EventCountry "POL"]
[SourceTitle "playchess.com"]
[Source "ChessBase"]
[SourceQuality "1"]

{[%evp 18,71,16,10,12,19,-2,0,14,14,11,15,21,19,20,20,20,10,23,22,22,26,26,16,11,32,18,15,11,-8,21,0,0,0,0,0,0,0,0,0,0,0,0,0,0,0,0,0,0,0,0,0,0,0,0,-24]} 1. e4 c5 2. Nf3 d6 3. d4 cxd4 4. Nxd4 Nf6 5. Nc3 a6 6. Be3 e5 7. Nf3 Be7 8. Bc4 Be6 9. Bb3 O-O 10. O-O b5 {B90: Sicilian Najdorf: Unusual White 6th moves, 6 Be3 Ng4 and 6 Be3 e5.} 11. a4 {Black must now prevent Bxe6. 11.Re1 is the modern continuation.} b4 12. Nd5 Bxd5 (12... Nbd7 {is more complex.} 13. Nxb4 Nxe4 14. a5 Qb8 15. Nd5 Bd8) 13. Bxd5 Nxd5 14. Qxd5 Nd7 15. Qd3 Qc7 16. Nd2 Rfc8 17. Rfc1 Nc5 18. Bxc5 Qxc5 19. c4 bxc3 20. Rxc3 Qd4 21. Qxd4 exd4 {[#]} 22. Rc4 $146 {The position is equal.} ({Predecessor:} 22. Rd3 Rc2 23. Rb1 Rb8 24. b3 Bg5 25. Nf3 Rc3 26. Rbd1 Bf6 27. Nxd4 Rxd3 28. Rxd3 Bxd4 29. Rxd4 Rxb3 {1-0 (54) Korneev,O (2530)-Drygalov,S (2485) Sochi 2019}) 22... Rab8 23. g3 d3 24. Rxc8+ Rxc8 $11 {[%mdl 4096] Endgame KRB-KRN} 25. Ra3 Rc2 26. Rxd3 Rxb2 27. Nc4 Rb4 28. Nxd6 Rxa4 29. e5 g6 30. f4 Rb4 31. Kg2 a5 32. Rd5 a4 33. Ra5 Bxd6 34. exd6 Rd4 35. Kf3 Rxd6 36. Ke4 {A rather calm draw.  Weighted Error Value: White=0.02/Black=0.02} 1/2-1/2

[Event "78th LOTTO POL-ch 2021"]
[Site "Bydgoszcz"]
[Date "2021.04.30"]
[Round "1.3"]
[White "Piorun, Kacper"]
[Black "Markowski, Tomasz"]
[Result "1-0"]
[WhiteElo "2615"]
[BlackElo "2546"]
[Annotator "TA"]
[PlyCount "144"]
[EventDate "2021.04.29"]
[EventType "k.o."]
[EventCountry "POL"]
[SourceTitle "playchess.com"]
[Source "ChessBase"]
[SourceQuality "1"]

{[%evp 16,144,22,27,41,0,3,0,-6,-25,27,41,25,10,12,13,21,12,8,8,26,15,10,24,32,22,31,14,16,4,20,0,0,0,0,0,22,16,14,19,142,149,134,117,121,102,85,32,75,0,0,0,0,0,0,0,0,0,0,0,0,0,0,0,0,0,0,0,0,0,56,0,0,0,0,0,0,0,72,19,15,0,0,0,0,0,3,0,0,0,25,25,25,27,121,125,155,168,162,154,153,147,201,87,452,450,386,360,360,360,360,346,346,0,346,346,346,346,346,179,7104,6022,29967,29968,29967,29968,29972,29968,29975,29976,29988]} 1. e4 g6 2. d4 Bg7 3. Nf3 d6 4. Bc4 Nf6 5. Qe2 O-O 6. e5 dxe5 7. dxe5 Nd5 8. h3 c6 9. O-O Be6 {now scores much better than the old 9...Qc7. B04: Alekhine's Defence: 4 Nf3.} 10. Rd1 $5 {[%mdl 4] A promising side line.} Nd7 11. Bb3 Qc7 {The position is equal.} 12. c4 N5b6 ({Black should play} 12... Nb4 $1) 13. Bf4 $11 {[#]} a5 $146 ({Predecessor:} 13... Nc5 14. Qe3 Nbd7 15. Bc2 Qb6 16. b3 a5 17. a3 a4 18. b4 Nb3 19. c5 Qa7 20. Bxb3 axb3 {½-½ (63) Ayza Leon,D (2215)-Gual Pascual,A (2397) Barcelona 2016}) 14. Nbd2 Rfd8 15. Bc2 a4 16. Qe3 Nf8 $1 17. b3 axb3 18. axb3 Rxa1 19. Rxa1 Ra8 20. Re1 Nbd7 21. Bg5 Ra2 22. Bb1 Ra1 23. Bxe7 {Hoping for Bd6.} Nxe5 $1 24. Bb4 {[%cal Rf3e5]} Nxf3+ 25. Nxf3 b6 26. Bc3 Bxc3 27. Qxc3 Qa7 {[#]} (27... Ra7 $11) 28. Nd4 $1 $16 {[%cal Rd4c6]} Bd7 29. Nc2 Ra5 {[#]} 30. b4 $1 {[%cal Rb4a5]} Ra4 31. h4 (31. Qf6 $16 {Black must now prevent Re7!} Be6 32. Nd4) 31... h5 $14 32. Re7 (32. Qf6 $16 {And now Re7! would win.} Qb8 33. Nd4 (33. Re7 Be6 $11)) 32... Qb8 $1 $11 33. Qf6 Be6 34. Ne3 $1 {Strongly threatening Bxg6!} Ra7 35. Rxa7 Qxa7 36. Be4 Qa4 37. Qc3 Nd7 38. g3 c5 39. bxc5 Nxc5 40. Bd5 Qa5 41. Qf6 Qe1+ $1 42. Kg2 Qb1 ({Black should try} 42... Bxd5+ $11 43. cxd5 Qb4) 43. Qe5 (43. Kh2 $14) 43... Nd7 44. Qd4 {aiming for Bxe6.} Nc5 45. Qe5 Nd7 46. Qf4 Nf8 (46... Bxd5+ $11 {remains equal.} 47. Nxd5 (47. cxd5 b5 $11) 47... Qd3) 47. Qd4 (47. Bxe6 $16 fxe6 48. Qd6) 47... Qb4 $1 48. Qf6 $40 {[%mdl 128] White attacks.} Nd7 49. Qd8+ Qf8 50. Qc7 Qc5 51. Qa7 {Bxe6 is the strong threat.} Nf8 52. Qb8 (52. Bxe6 {is interesting.} Nxe6 53. Qd7 Kg7 54. Qd3 Nd4 55. Nd5) 52... Qd4 53. Bxe6 Qe4+ 54. Kf1 Qxe6 (54... Qb1+ $1 $11 55. Kg2 Qe4+ 56. Kf1 Qb1+ 57. Ke2 fxe6) 55. Nd5 $16 Qh3+ 56. Kg1 Qe6 57. Qxb6 Qxb6 58. Nxb6 $18 {[%mdl 4096] Endgame KN-KN} Ne6 (58... Kg7 $16 {might work better.} 59. Nd5 Ne6) 59. Nd7 (59. Kf1 $18 {and White stays clearly on top.}) 59... f5 $2 {[%mdl 8192]} (59... Kg7 $16 {is a better chance.}) 60. Ne5 Kg7 61. Nd3 Kf6 62. Kg2 Nd4 63. Nf4 Nc6 64. Nd3 Nd4 $1 65. f3 g5 66. hxg5+ Kxg5 67. Kf2 (67. c5 $142) 67... h4 $2 (67... Nc2 68. c5 Nd4) 68. gxh4+ Kxh4 69. Ke3 {White mates.} Ne6 70. c5 Kg3 71. c6 f4+ 72. Ke4 Ng5+ {Weighted Error Value: White=0.09/Black=0.28} 1-0

[Event "78th LOTTO POL-ch 2021"]
[Site "Bydgoszcz"]
[Date "2021.04.30"]
[Round "1.3"]
[White "Janik, Igor"]
[Black "Wojtaszek, Radoslaw"]
[Result "0-1"]
[WhiteElo "2495"]
[BlackElo "2694"]
[Annotator "TA"]
[PlyCount "94"]
[EventDate "2021.04.29"]
[EventType "k.o."]
[EventCountry "POL"]
[SourceTitle "playchess.com"]
[Source "ChessBase"]
[SourceQuality "1"]

{[%evp 19,94,4,10,5,14,10,17,0,47,33,38,47,50,9,47,35,145,39,45,13,7,0,0,0,0,-123,-139,-123,-127,-133,-116,-124,-106,-96,-44,-41,-54,-53,-53,-50,-33,-51,-55,-53,-41,-21,-37,-43,-34,-40,-33,-38,0,-145,-150,-320,-308,-320,-344,-314,-289,-346,-363,-331,-359,-312,-236,-187,-16,-16,-16,-1119,-1119,-1990,-1029,-973,-937]} 1. d4 Nf6 2. c4 e6 3. Nf3 b6 4. g3 Ba6 5. b3 Bb4+ 6. Bd2 Be7 7. Nc3 d5 8. cxd5 exd5 9. Bg2 O-O 10. O-O Re8 11. Ne5 {E15: Queen's Indian: 4 g3 sidelines, 4 g3 Ba6 and 4 g3 Bb7 early deviations.} Bb7 12. Rc1 Nbd7 {[%cal Bb8d7,Bd7f8,Bf8e6][%mdl 32]} 13. Bg5 {The position is equal.} Nf8 14. e3 Ne6 15. Bxf6 Bxf6 16. f4 c6 17. b4 Qd6 (17... Bxe5 $14 18. fxe5 Qg5) 18. Qb3 {[#]} ({Not} 18. Qh5 g6 $15) (18. b5 $16) 18... b5 $146 ({Predecessor:} 18... Nc7 19. Rc2 Be7 20. a3 a5 21. bxa5 b5 22. a4 Rxa5 23. Rfc1 Qa3 24. Qb1 Qd6 25. axb5 cxb5 {1-0 (34) Nakamura,H (2736)-Martirosyan,H (2622) Chess.com INT 2020}) 19. a3 a5 20. bxa5 Rxa5 21. a4 {[%cal Ra4b5]} b4 22. Rb1 Ba6 $17 23. Qxb4 Qxb4 24. Rxb4 Bxf1 25. Bxf1 c5 26. Rb5 Rea8 ({Black should try} 26... Rxb5 $17 27. Bxb5 Rd8) 27. Rxa5 Rxa5 28. Nc6 Ra8 {[%cal Rc5d4]} ({But not} 28... cxd4 29. Nxa5 dxc3 30. Nb3 $11) 29. Nxd5 Rxa4 {[%cal Rc5d4]} 30. Nxf6+ gxf6 $15 {[%mdl 4096] Endgame KRN-KBN} 31. d5 Nf8 32. Bb5 Ra2 33. Ne7+ Kh8 34. Nf5 Rb2 35. Nd6 Kg7 36. Bd3 {[#]} (36. Ne8+ $11 Kh8 37. Nd6) 36... Nd7 $1 $17 37. Bf5 $2 (37. Nc8 $17) 37... Nb6 $19 38. Ne8+ Kf8 39. Nxf6 c4 40. d6 c3 41. Nxh7+ Kg7 {And now ...f6 would win.} 42. Ng5 Rd2 {...Nd5 is the strong threat.} 43. Nf3 {[#]} Rxd6 ({Better is} 43... c2 $1 $19 {[%mdl 512]} 44. Bxc2 Rxc2) 44. Nd4 $11 Nd5 45. Nc2 {[%mdl 8192]} (45. Kf2 $11) 45... Ne7 $19 {Black is clearly winning.} 46. Be4 f5 47. Bf3 Rd2 {Weighted Error Value: White=0.57/Black=0.33} 0-1

[Event "78th LOTTO POL-ch 2021"]
[Site "Bydgoszcz"]
[Date "2021.04.30"]
[Round "1.4"]
[White "Wojtaszek, Radoslaw"]
[Black "Janik, Igor"]
[Result "1-0"]
[WhiteElo "2694"]
[BlackElo "2495"]
[Annotator "TA"]
[PlyCount "77"]
[EventDate "2021.04.29"]
[EventType "k.o."]
[EventCountry "POL"]
[SourceTitle "playchess.com"]
[Source "ChessBase"]
[SourceQuality "1"]

{[%evp 9,77,54,69,36,35,29,35,41,41,39,48,26,26,26,41,37,370,85,135,135,189,188,198,172,215,204,222,210,213,228,379,372,368,354,325,350,331,281,267,189,196,193,179,179,152,163,179,164,180,167,174,177,298,204,273,276,284,284,255,224,1078,517,1112,666,29965,29963,29976,29977,29987,762]} 1. d4 Nf6 2. c4 b6 3. f3 Nc6 4. Nc3 e6 5. e4 e5 {[#]} 6. Nge2 $146 {A50: Queen's Fianchetto Defence (1 d4 Nf6 2 c4 b6).} ({Predecessor:} 6. dxe5 Nxe5 7. f4 Ng6 8. e5 Ng8 9. Nf3 d6 10. Bd3 dxe5 11. f5 N6e7 12. Nxe5 {1-0 (30) Sarkar,J (2374)-Oberoi,S (2133) Chess.com INT 2020}) 6... exd4 7. Nxd4 Nxd4 8. Qxd4 {White is slightly better.} Bc5 9. Qe5+ Be7 10. Be2 O-O 11. Be3 Re8 {And now ...Nxe4! would win.} 12. Qd4 Nh5 $2 {[%mdl 8192]} (12... Bb4 $14) 13. Qd2 $2 (13. Qd5 $18 {and the rest is easy.} Bh4+ 14. g3) 13... Bb7 14. O-O-O d6 (14... g6 $16 15. Qxd7 Qxd7 16. Rxd7 Bd6) 15. g4 $1 $18 {[%cal Rg4h5]} Nf6 16. h4 a6 17. g5 Nd7 18. h5 b5 19. g6 Ne5 $2 (19... Bf6 20. cxb5 axb5 21. Bxb5 Kh8) 20. f4 Nxc4 21. Bxc4 bxc4 22. gxf7+ Kxf7 23. h6 g6 24. Qd4 Bf6 25. Qxc4+ Kf8 26. Bd4 Qe7 27. Rhf1 {Black must now prevent e5.} Qf7 28. Qd3 {aiming for e5!} a5 {next ...Ba6 is good for Black.} 29. Bxf6 Qxf6 30. e5 $1 {[%cal Re5f6]} Qf7 (30... Qh4 $142) 31. Qd4 ({Weaker is} 31. exd6 Ba6 $16) 31... Rad8 {[#]} 32. f5 $1 {[%cal Rf5g6]} (32. exd6 Rxd6 33. Qc5 (33. Qh8+ Qg8 $11) 33... Kg8 $14) 32... gxf5 33. exd6 Rxd6 {[#]} 34. Qc5 $40 {[%mdl 192] Double Attack. White attacks with force.} Ree6 $2 (34... Kg8 35. Rxf5 Qe7 36. Rxd6 Qxd6 37. Rg5+ Kh8 38. Qxd6 cxd6 39. Rxa5 Kg8) 35. Nb5 (35. Rxf5 $142 Rf6 36. Rdf1) 35... Qg6 (35... Ke8 $142 36. Nxd6+ cxd6 37. Qb5+ (37. Rxd6 Rxd6 38. Qxd6 Qc4+ {[%mdl 64] Double Attack} 39. Kd2 Qxf1 $11) (37. Qxa5 Be4 $16) 37... Qd7 38. Rxf5 Qxb5 39. Rxb5 Bf3) 36. Nxd6 Qxh6+ 37. Kb1 {White mates.} cxd6 38. Qxf5+ Ke7 39. Qf7+ {Weighted Error Value: White=0.41/Black=0.69} 1-0

[Event "78th LOTTO POL-ch 2021"]
[Site "Bydgoszcz"]
[Date "2021.04.30"]
[Round "1.4"]
[White "Markowski, Tomasz"]
[Black "Piorun, Kacper"]
[Result "1/2-1/2"]
[WhiteElo "2546"]
[BlackElo "2615"]
[Annotator "TA"]
[PlyCount "114"]
[EventDate "2021.04.29"]
[EventType "k.o."]
[EventCountry "POL"]
[SourceTitle "playchess.com"]
[Source "ChessBase"]
[SourceQuality "1"]

{[%evp 9,114,-5,0,0,0,-25,-15,-15,-10,-30,-5,0,20,20,20,13,18,0,18,-5,9,19,0,1,39,35,41,33,76,68,110,58,72,18,104,105,89,115,102,118,100,66,113,0,0,0,0,0,0,0,-7,-10,0,-19,0,0,-12,-47,0,0,0,-18,0,0,0,-22,0,0,0,0,0,-8,-8,-8,-8,-8,-8,-8,-8,-8,-8,-8,-8,-8,-8,-8,-8,-8,-8,-8,-8,-8,-8,-8,-8,-8,-8,-8,-8,-8,-8,-8,-8,-8,-8,-8,-8]} 1. c4 e5 2. e3 Nf6 3. a3 g6 4. b4 Bg7 5. Bb2 d6 6. d3 {A20: English Opening: 1...e5.} O-O 7. Nd2 a5 8. Ngf3 Re8 9. Qc2 Nc6 10. b5 Ne7 {[#]} 11. Be2 $146 ({Predecessor:} 11. a4 h6 12. Be2 Kh7 13. O-O Nd7 14. Ne4 Ng8 15. c5 f5 16. c6 bxc6 17. Qxc6 fxe4 18. Qxa8 exf3 19. Bxf3 {1-0 (25) Jaime Montalvan,L (2167)-Serrano Garcia,L (1866) Marbella 2019}) 11... b6 12. O-O Bb7 13. e4 Nd7 14. Rfe1 Nc5 15. d4 exd4 16. Nxd4 Kh8 17. f4 Ng8 {[%cal Rb7e4]} 18. Bf3 $1 Re7 19. Re2 Qf8 20. Rae1 ({Better is} 20. e5 $16) 20... Rae8 $14 21. g3 (21. e5 $16) 21... Ne6 (21... Ba8 $11) 22. Nxe6 $16 Rxe6 23. e5 Bxf3 24. Nxf3 dxe5 25. Nxe5 Bxe5 26. Bxe5+ (26. Rxe5 $16 Rxe5 27. c5 (27. Bxe5+ f6 $17) (27. fxe5 Qc5+ 28. Qf2 Qxf2+ 29. Kxf2 Kg7 $16) (27. Rxe5 f6 $11)) 26... f6 $11 27. Bb2 Qd6 28. Kg2 Kg7 29. Kf3 Rxe2 30. Rxe2 Rxe2 31. Qxe2 Ne7 32. g4 Kf7 33. Qc2 Qd7 (33... a4 $5) 34. h3 {The position is equal.} h5 35. Kg3 hxg4 36. hxg4 Qe6 37. Qc3 c6 38. a4 cxb5 39. axb5 Nc8 {White should prevent ...Nd6.} 40. g5 Nd6 {[#] ...Ne4+ is the strong threat.} 41. Qxf6+ Qxf6 42. Bxf6 Nxc4 {[%mdl 4096] Endgame KB-KN} 43. Kf3 Nd6 44. Bd4 Nxb5 45. Bxb6 a4 {[#] Threatens to win with ...a3.} 46. Be3 a3 {And now ...a2 would win.} 47. Bc1 $1 a2 48. Bb2 Ke6 (48... Na3 $5 49. Ke4 $8 Nc4 $11) 49. Ke4 Nd6+ (49... Nc7 {seems wilder.} 50. Kd4 Nd5 51. Kc4 Nxf4 52. Kb3 Nd3) 50. Kd3 Kf5 51. Kc2 Kxf4 52. Bc1+ Kf5 53. Kb2 Ne4 54. Kxa2 Nxg5 55. Kb3 Nh3 56. Bh6 g5 57. Bxg5 Nxg5 {Weighted Error Value: White=0.10/Black=0.10} 1/2-1/2

[Event "78th LOTTO POL-ch 2021"]
[Site "Bydgoszcz"]
[Date "2021.04.30"]
[Round "1.4"]
[White "Sadzikowski, Daniel"]
[Black "Socko, Bartosz"]
[Result "1/2-1/2"]
[WhiteElo "2527"]
[BlackElo "2618"]
[Annotator "TA"]
[PlyCount "63"]
[EventDate "2021.04.29"]
[EventType "k.o."]
[EventCountry "POL"]
[SourceTitle "playchess.com"]
[Source "ChessBase"]
[SourceQuality "1"]

{[%evp 20,63,49,49,77,17,98,39,45,52,42,20,31,0,0,0,0,0,0,0,0,0,0,0,0,0,0,0,0,0,0,0,14,0,0,0,0,0,14,14,21,12,32,32,32,0]} 1. e4 c5 2. Nf3 d6 3. d4 cxd4 4. Nxd4 Nf6 5. Nc3 Nc6 6. Bg5 e6 7. Qd2 Be7 8. O-O-O Nxd4 9. Qxd4 O-O 10. h4 Qa5 11. Kb1 Bd7 {B63: Sicilian: Richter-Rauzer: 7...Be7 and unusual Black 7th moves.} 12. f3 ({Better is} 12. Qd2 $16) 12... Rfd8 {[#]} (12... b5 $11 {remains equal.}) 13. Bd2 {[#]} (13. Qd2 $1 $16) 13... Qc5 $146 ({Predecessor:} 13... Qe5 14. Qxe5 dxe5 15. g4 Bc5 16. Bb5 Bxb5 17. Nxb5 a6 18. Nc3 h5 19. g5 Nh7 {0-1 (46) Chaves,J (2132)-Limp,E (2399) Rio de Janeiro 2002}) 14. Qxc5 dxc5 15. Bf4 a6 16. Bc7 Rdc8 17. Bd6 Bxd6 18. Rxd6 {[#] Threatens to win with e5.} Bc6 19. a4 Rd8 20. Rxd8+ Rxd8 21. Be2 Kf8 22. Kc1 Ke7 23. Rd1 Rd4 24. b3 Nh5 25. Bd3 Ng3 26. Ne2 Nxe2+ 27. Bxe2 Rxd1+ 28. Kxd1 $11 {KB-KB} f5 29. e5 a5 30. Kd2 b6 31. Ke3 h6 32. g3 {Weighted Error Value: White=0.12/Black=0.10} 1/2-1/2

[Event "78th LOTTO POL-ch 2021"]
[Site "Bydgoszcz"]
[Date "2021.04.30"]
[Round "1.5"]
[White "Socko, Bartosz"]
[Black "Sadzikowski, Daniel"]
[Result "1/2-1/2"]
[WhiteElo "2618"]
[BlackElo "2527"]
[Annotator "TA"]
[PlyCount "126"]
[EventDate "2021.04.29"]
[EventType "k.o."]
[EventCountry "POL"]
[SourceTitle "playchess.com"]
[Source "ChessBase"]
[SourceQuality "1"]

{[%evp 18,126,9,0,6,10,8,9,4,16,11,22,14,13,11,13,21,6,10,5,13,7,8,14,10,11,2,15,20,0,0,0,0,0,34,36,29,31,82,72,127,132,134,144,138,135,155,71,242,242,242,242,242,242,242,200,200,200,200,200,200,20,80,80,80,80,80,25,30,72,72,0,0,0,79,0,0,0,79,20,1633,1633,29971,29973,29971,29974,29977,29977,29976,29978,29973,0,0,0,0,0,0,0,0,0,0,0,0,0,0,0,0,0,0,0,0]} 1. e4 c5 2. Nf3 d6 3. d4 cxd4 4. Nxd4 Nf6 5. Nc3 a6 6. Be3 e5 7. Nf3 Be7 8. Bc4 Be6 9. Bb3 O-O 10. O-O b5 {B90: Sicilian Najdorf: Unusual White 6th moves, 6 Be3 Ng4 and 6 Be3 e5.} 11. a4 {Black must now prevent Bxe6. Recently 11.Re1 got a lot of attention.} b4 12. Nd5 Bxd5 13. Bxd5 Nxd5 14. Qxd5 Nd7 15. Qd3 Qc7 16. Nd2 Rfc8 17. Rfc1 Nc5 18. Bxc5 Qxc5 19. c4 bxc3 20. Rxc3 Qd4 21. Qxd4 exd4 {[#]} 22. Rc4 $146 ({Predecessor:} 22. Rd3 Rc2 23. Rb1 Rb8 24. b3 Bg5 25. Nf3 Rc3 26. Rbd1 Bf6 27. Nxd4 Rxd3 28. Rxd3 Bxd4 29. Rxd4 Rxb3 {1-0 (54) Korneev,O (2530)-Drygalov,S (2485) Sochi 2019}) 22... d3 23. Kf1 Bg5 24. Rxc8+ Rxc8 $11 {[%mdl 4096] Endgame KRB-KRN} 25. Nf3 Bc1 26. Ra3 d2 27. Rd3 {[%mdl 64] Double Attack} Rc2 (27... Bxb2 $14 28. Rxd6 (28. Rxd2 Ba3 $11) 28... Ba3 29. Rxd2 Kf8) 28. Rxd6 {[%cal Rd6d8]} f6 (28... Kf8 $142) 29. b3 $16 Rb2 30. Ke2 Rxb3 31. Rxa6 Rb4 32. Nxd2 (32. Kd1 $142) 32... Bxd2 $2 (32... Rb2 $16) 33. Kxd2 $18 Rxe4 $16 {KR-KR} 34. Ra7 h5 35. a5 Ra4 36. a6 Kh7 37. Kc3 Kg6 38. Kb3 Ra1 39. h4 $2 (39. Ra8 $18) 39... Ra5 (39... Kf5 $11) 40. Kb4 Ra2 41. Kb5 Rb2+ 42. Kc6 (42. Kc4 $1 $16 {And now Rd7 would win.} Rxf2 43. Kb3 Rxg2 44. Rxg7+ $3 {[%mdl 576] Clearance, Promotion} Kxg7 45. a7) 42... Rc2+ $1 $11 43. Kb6 Rb2+ 44. Kc5 (44. Ka5 $1 $16 Ra2+ 45. Kb5 Rb2+ 46. Kc4) 44... Rc2+ $1 45. Kb6 (45. Kd4 $11 Rxf2 46. Rc7 Rxg2 47. Kc5) 45... Rb2+ $1 $16 {[#]} 46. Kc6 (46. Ka5 $1 $16 Ra2+ 47. Kb5 Rb2+ 48. Kc4) 46... Rc2+ $1 $11 47. Kb6 (47. Kd5 $11 Rxf2 48. Rc7 Rxg2 49. Kc5) 47... Rb2+ $1 $16 {[#]} 48. Kc7 ({White should try} 48. Ka5 $1 $16 Ra2+ 49. Kb5 Rb2+ 50. Kc4) 48... Rxf2 $2 {[%mdl 8192]} (48... Rc2+ $11 49. Kb6) 49. Rb7 $18 Ra2 50. a7 Kf5 51. Kb8 g5 52. a8=Q Rxa8+ 53. Kxa8 {KR-K3P} Kg4 54. Rb4+ $2 (54. Rb3 {mates} Kxh4 55. Kb7 f5 56. Kc6 g4 57. Kd5 Kg5 58. Ke5 f4 59. Ke4) 54... Kg3 $11 {The position is equal.} 55. hxg5 fxg5 {KR-KPP} 56. Rb2 g4 57. Kb7 h4 58. Kc6 h3 59. gxh3 gxh3 60. Kd5 h2 61. Rb1 Kg2 62. Ke4 h1=Q 63. Rxh1 Kxh1 {Black defended with fortune.  Weighted Error Value: White=0.23/Black=0.22} 1/2-1/2

[Event "78th LOTTO POL-ch 2021"]
[Site "Bydgoszcz"]
[Date "2021.04.29"]
[Round "1.5"]
[White "Sadzikowski, Daniel"]
[Black "Socko, Bartosz"]
[Result "1/2-1/2"]
[WhiteElo "2527"]
[BlackElo "2618"]
[Annotator "TA"]
[PlyCount "83"]
[EventDate "2021.04.29"]
[EventType "k.o."]
[EventCountry "POL"]
[SourceTitle "playchess.com"]
[Source "ChessBase"]
[SourceQuality "1"]

{[%evp 21,83,0,-15,-35,19,-20,-21,-23,14,13,27,22,118,117,94,110,125,117,154,95,83,64,84,72,78,25,31,0,0,0,0,-85,0,-97,-74,-226,-239,-246,-256,-1064,328,309,327,183,440,277,285,294,289,282,292,289,294,280,278,295,293,265,269,178,182,89,105,76]} 1. e4 c5 2. Nf3 d6 3. d4 cxd4 4. Nxd4 Nf6 5. Nc3 Nc6 6. Bg5 e6 7. Qd2 Be7 8. O-O-O Nxd4 9. Qxd4 O-O 10. f3 a6 11. Be3 b5 {[%cal Bb7b5,Bb5b4][%mdl 32]} 12. Kb1 {B66: Sicilian: Richter-Rauzer: 7...a6 8 0-0-0 h6.} Rb8 (12... Qa5 $15) 13. g4 {[#]} b4 $146 ({Predecessor:} 13... Qc7 14. h4 b4 15. Ne2 a5 16. h5 e5 17. Qd2 Be6 18. g5 Nd7 19. f4 exf4 20. Nxf4 {1-0 (29) Sikorska,A (2107)-Rath,A (1884) Germany 2007}) 14. Ne2 {The position is equal.} e5 15. Qd2 Be6 16. g5 Nh5 (16... Nd7 $11) 17. Ng3 $16 Nf4 18. h4 $1 ({Reject} 18. Bxf4 $6 Qa5 $11) 18... Qa5 19. b3 Rfc8 20. Nf5 (20. Bxf4 $142 {aiming for Be3.} exf4 21. Nh5) 20... Bf8 {[#]} 21. Nd4 $1 exd4 (21... Rc3 22. Bxf4) 22. Bxf4 Rc3 23. Qf2 ({White should try} 23. Qxd4 $16 Rxf3 24. Bxd6) 23... Rbc8 $11 24. Bd3 Qc5 25. Bc1 a5 $1 26. f4 (26. Rh2 $11 {remains equal.}) 26... a4 $1 $17 27. Bb2 (27. f5 $1 $11 Bd7 28. Bb2) 27... Qa7 28. Bxc3 $2 (28. Rh2 $17 {is a better defense.}) 28... bxc3 $19 29. b4 {Black must now prevent a3.} Rb8 $1 {[%cal Rb8b4][%mdl 1024] Black has strong compensation.} 30. a3 {[#]} (30. Bb5 Rxb5 31. a3) 30... Qc5 $4 {[%mdl 8192]} (30... Rxb4+ $3 $19 {[%mdl 512] avoids the disaster.} 31. axb4 a3) 31. Rdg1 $18 d5 32. e5 (32. f5 $142 Rxb4+ 33. axb4 Qxb4+ 34. Kc1) 32... Qa7 $2 (32... Qa5 {might work better.}) 33. Kc1 Bxb4 34. axb4 a3 {[#]} 35. Kd1 $1 a2 36. Ke2 a1=Q 37. Rxa1 (37. Bxh7+ $2 Kxh7 38. Rxa1 Bg4+ 39. Kd3 Bf5+ 40. Ke2 d3+ 41. Kf3 Be4+ 42. Kg3 Qxf2+ 43. Kxf2 d2 $19) 37... Bg4+ 38. Kf1 Qxa1+ 39. Kg2 Qa7 40. b5 g6 {[#]} 41. Rb1 (41. h5 $1 $18 {and White stays clearly on top.}) 41... Qc5 42. Kg3 {Weighted Error Value: White=0.48/Black=0.36} 1/2-1/2